Culture & History : Digital Journal /

محفوظ في:
التفاصيل البيبلوغرافية
مؤلفون آخرون: Naranjo Ovorio, Consuelo (directora.)
التنسيق: دورية
اللغة:الإنجليزية
منشور في: Madrid : Consejo Superior de Investigaciones Científicas, Instituto de Historia, 2024.
الموضوعات:
الوصول للمادة أونلاين:https://elibro.unach.elogim.com/es/lc/unach/titulos/276983
الوسوم: إضافة وسم
لا توجد وسوم, كن أول من يضع وسما على هذه التسجيلة!

MARC

LEADER 00000nas a2200000 i 4500
001 ELB276983
003 FINmELB
005 20250220803000.5
006 m o d |
007 cr cnu||||||||
008 250125c20249999sp fr p o 0 0eng d
022 |a 2253-797X 
035 |a (OCoLC)1501046204 
040 |a FINmELB  |b spa  |e rda  |c FINmELB 
050 4 |a D16  |b C968 2024 
080 |a 930.1 
082 0 4 |a 901  |2 23 
245 0 0 |a Culture & History :  |b Digital Journal /  |c Consuelo Naranjo Orovio (dirección). 
264 1 |a Madrid :  |b Consejo Superior de Investigaciones Científicas, Instituto de Historia,  |c 2024. 
310 |a Semestral 
336 |a texto  |b txt  |2 rdacontent/spa 
337 |a computadora  |b c  |2 rdamedia/spa 
338 |a recurso en línea  |b cr  |2 rdacarrier/spa 
362 0 |a no. 1, vol. 13 (enero - junio 2024). 
580 |a Descripción basada en Culture & History: Digital Journal, no. 1, vol. 13 (enero - junio 2024)., P. 186. 
588 |a Descripción basada en metadatos suministrados por el editor y otras fuentes. 
590 |a Recurso electrónico. Santa Fe, Arg.: elibro, 2025. Disponible vía World Wide Web. El acceso puede estar limitado para las bibliotecas afiliadas a elibro. 
650 4 |a Antropología cultural. 
650 4 |a Cultura. 
650 4 |a Historia  |x Investigación. 
655 4 |a Revistas electrónicas. 
700 1 |a Naranjo Ovorio, Consuelo,  |e directora. 
773 1 |t Culture & History :  |b Digital Journal.  |x ISSN2253-797X  |d Madrid : Consejo Superior de Investigaciones Científicas, Instituto de Historia.  |g no. 1, vol. 13 (enero - junio 2024)., p. 186 
797 2 |a elibro, Corp. 
856 4 0 |u https://elibro.unach.elogim.com/es/lc/unach/titulos/276983